|
|
|
|
| LEADER |
01017aam a2200301 a 4500 |
| 008 |
060216s2005 ii 000 0 eng |
| 010 |
|
|
|a 2006345469
|
| 020 |
|
|
|a 8170339707
|
| 020 |
|
|
|a 9788170339700
|
| 025 |
|
|
|a I-E-2006-345469; 29
|
| 029 |
1 |
|
|a NLGGC
|b 293296618
|
| 029 |
1 |
|
|a YDXCP
|b 2475210
|
| 035 |
|
|
|a (NNC)6170148
|
| 035 |
|
|
|a (OCoLC)65303102
|
| 035 |
|
|
|a (OCoLC)ocm65303102
|
| 042 |
|
|
|a lcode
|
| 043 |
|
|
|a a-ii---
|
| 082 |
|
|
|a 823.923 RIE/I
|
| 100 |
1 |
|
|a Riemenschneider, Dieter.
|
| 245 |
1 |
4 |
|a The Indian novel in English :
|b its critical discourse, 1934-2004 /
|c Dieter Riemenschneider.
|
| 260 |
|
|
|a Jaipur :
|b Rawat Publications,
|c 2005.
|
| 300 |
|
|
|a xii, 386 p. ;
|c 23 cm.
|
| 650 |
|
0 |
|a Indic fiction (English)
|y 20th century
|x History and criticism.
|
| 900 |
|
|
|a AUTH
|
| 942 |
|
|
|c BK
|
| 948 |
1 |
|
|a 20070529
|b c
|c dc21
|d MPS
|
| 999 |
|
|
|c 193036
|d 193036
|
| 952 |
|
|
|0 0
|1 0
|4 0
|6 823_923000000000000_RIE_I
|7 0
|9 213069
|a ENG
|b ENG
|c ST1
|d 2016-02-11
|i 17028
|l 0
|o 823.923 RIE/I
|p ENG17028
|r 2016-02-11
|w 2016-02-11
|y BK
|